Sorovares e perfil de suscetibilidade a antimicrobianos em Salmonella spp. isoladas de produtos de origem suína (Registro n. 329471)
[ somente texto ]
| 000 -LÍDER | |
|---|---|
| fixed length control field | 03211nab a2200337 i 4500 |
| 003 - CÓDIGO MARC DA AGÊNCIA CATALOGADORA | |
| Campo de controle | BR-BrBNA |
| 005 - DATA E HORA DA ÚLTIMA ATUALIZAÇÃO | |
| Campo de controle | 20241227173220.0 |
| 008 - CAMPO DE TAMANHO FIXO | |
| fixed length control field | 241227b2016 bl.|r|pooa||| 00| 0 por | |
| 040 ## - FONTE DA CATALOGAÇÃO | |
| Agência catalogadora | BR-BrBNA |
| Idioma da catalogação | por |
| 072 ## - CATEGORIA AGRIS | |
| Código AGRIS | Q03 |
| Código do objeto | 5300 |
| 100 ## - ENTRADA PRINCIPAL - NOME PESSOAL | |
| Nome pessoal | Lima, A.L. |
| 100 ## - ENTRADA PRINCIPAL - NOME PESSOAL | |
| Nome pessoal | Rodrigues, D.P. |
| 100 ## - ENTRADA PRINCIPAL - NOME PESSOAL | |
| Nome pessoal | Araújo, M.S. |
| 100 ## - ENTRADA PRINCIPAL - NOME PESSOAL | |
| Nome pessoal | Reis, E.M.F. |
| 100 ## - ENTRADA PRINCIPAL - NOME PESSOAL | |
| Nome pessoal | Festivo, M.L. |
| 100 ## - ENTRADA PRINCIPAL - NOME PESSOAL | |
| Nome pessoal | Rodrigues, E.C.P. |
| 100 ## - ENTRADA PRINCIPAL - NOME PESSOAL | |
| Nome pessoal | Lázaro, N.S. |
| 245 ## - TÍTULO PRINCIPAL | |
| Título principal | Sorovares e perfil de suscetibilidade a antimicrobianos em Salmonella spp. isoladas de produtos de origem suína |
| 500 ## - NOTA GERAL | |
| Nota geral | Publicação online; 30 ref.; 3 tables; Summaries (En, Pt) |
| 942 ## - ADDED ENTRY ELEMENTS (KOHA) | |
| Koha item type | Analítica |
| 520 ## - NOTA DE RESUMO | |
| Nota de conteúdo | <br/><br/><br/>RESUMO - Foi analisado um total de 1824 cepas de Salmonella, isoladas de alimentos de origem suína, no período de janeiro/2005 a junho/2010. As cepas, provenientes de diferentes regiões do país, foram recebidas pelo Labent/IOC/FIocruz para caracterização antigênica conclusiva. Foram identificados 41 sorovares, destacando-se: Typhimurium, Derby, Enteritidis, Panama, Infantis e Anatum. Aspectos bacteriológicos e epidemiológicos relacionados a esses sorovares foram discutidos. O teste de suscetibilidade aos antimicrobianos foi realizado em 357 amostras, 257 (72%) foram resistentes a uma ou mais drogas, e destas, 31,9% mostraram-se multirresistentes. A variedade de sorovares observada neste estudo confirma o papel dos suínos na cadeia alimentar como importantes reservatórios de Salmonella, agravado ainda pelo elevado percentual de cepas resistentes a um ou mais antimicrobianos, alertando para uma condição de risco à saúde pública.<br/><br/><br/>Palavras-chave: suínos, Salmonella zoonótica, saúde pública, resistência antimicrobiana |
| 520 ## - NOTA DE RESUMO | |
| Nota de conteúdo | <br/><br/><br/>ABSTRACT - We analyzed a total of 1824 strains of Salmonella isolated from swine-origin foods from January/2005 to June/2010. The strains from different regions of the country were received by Labent/IOC/FIOCRUZ for conclusive antigenic characterization. We identified 41 serovars, of which these stood out: Typhimurium, Derby, Enteritidis, Panama, Infantis and Anatum. Bacteriological and epidemiological aspects related to these serovars were discussed. The antimicrobial susceptibility test was performed on 357 samples, 257 (72%) were resistant to one or more of these drugs and 31,9% were multiresistant. A variety of serovars were identified reinforcing the swine as an important reservoir of Salmonella in the food chain. The high rates of antimicrobial resistance obtained in this evaluation may represent a risk condition to human health.<br/><br/><br/>Keywords: pigs, zoonotic Salmonella, public health, antimicrobial resistance |
| 650 ## - ASSUNTO - THESAGRO | |
| Cabeçalho tópico ou nome geográfico | SUÍNO |
| 650 ## - ASSUNTO - THESAGRO | |
| Cabeçalho tópico ou nome geográfico | CADEIA ALIMENTAR |
| 650 ## - ASSUNTO - THESAGRO | |
| Cabeçalho tópico ou nome geográfico | SALMONELLA |
| 650 ## - ASSUNTO - THESAGRO | |
| Cabeçalho tópico ou nome geográfico | SAÚDE PÚBLICA |
| 650 ## - ASSUNTO - THESAGRO | |
| Cabeçalho tópico ou nome geográfico | SEGURANÇA ALIMENTAR |
| 773 0# - ENTRADA ANALÍTICA | |
| Host Biblionumber | 1643 |
| Registro do item | 347389 |
| Imprenta | Belo Horizonte-MG Universidade Federal de Minas Gerais - Escola de Veterinaria 1983 |
| Outro identificador | 2024-8402 |
| Título | Arquivo Brasileiro de Medicina Veterinária e Zootecnia (Brazil) |
| ISSN | 0102-0935 |
| Colação | v. 68(1) p. 39-47; (2016) |
| Número de controle de registro | BR2024004288 |
| 856 ## - ACESSO E ENDEREÇO ELETRÔNICO | |
| Identificador uniforme de recurso - URI | https://www.scielo.br/j/abmvz/a/xPnh3g6PY9sdSFy8Gf7WfNn/?format=pdf&lang=pt |
Nenhum exemplar disponível.

BINAGRI